Shifting meridians of global authority: who is pushing in which direction, and why?

Gespeichert in:
Bibliographische Detailangaben
Hauptverfasser: Böller, Florian (VerfasserIn) , Harnisch, Sebastian (VerfasserIn)
Dokumenttyp: Kapitel/Artikel
Sprache:Englisch
Veröffentlicht: 2021
In: Authority and trust in US culture and society
Year: 2021, Pages: 87-110
DOI:10.14361/9783839451892-005
Online-Zugang:Resolving-System, Volltext: https://doi.org/10.14361/9783839451892-005
Verlag, Volltext: https://www.degruyterbrill.com/document/doi/10.14361/9783839451892-005/html
Volltext
Verfasserangaben:Florian Böller und Sebastian Harnisch

MARC

LEADER 00000caa a22000002c 4500
001 1751468577
003 DE-627
005 20250529235451.0
007 cr uuu---uuuuu
008 210316s2021 xx |||||o 00| ||eng c
024 7 |a 10.14361/9783839451892-005  |2 doi 
035 |a (DE-627)1751468577 
035 |a (DE-599)KXP1751468577 
035 |a (OCoLC)1341398858 
040 |a DE-627  |b ger  |c DE-627  |e rda 
041 |a eng 
084 |a 16  |2 sdnb 
100 1 |a Böller, Florian  |d 1983-  |e VerfasserIn  |0 (DE-588)1053955502  |0 (DE-627)790849380  |0 (DE-576)409915882  |4 aut 
245 1 0 |a Shifting meridians of global authority  |b who is pushing in which direction, and why?  |c Florian Böller und Sebastian Harnisch 
264 1 |c 2021 
300 |a 24 
336 |a Text  |b txt  |2 rdacontent 
337 |a Computermedien  |b c  |2 rdamedia 
338 |a Online-Ressource  |b cr  |2 rdacarrier 
700 1 |a Harnisch, Sebastian  |d 1967-  |e VerfasserIn  |0 (DE-588)114045836  |0 (DE-627)510497292  |0 (DE-576)174850409  |4 aut 
773 0 8 |i Enthalten in  |t Authority and trust in US culture and society  |d Bielefeld : transcript, 2021  |g (2021), Seite 87-110  |h 1 Online-Ressource (282 Seiten)  |w (DE-627)1750908786  |z 9783839451892  |7 nnam  |a Shifting meridians of global authority who is pushing in which direction, and why? 
773 1 8 |g year:2021  |g pages:87-110  |g extent:24  |a Shifting meridians of global authority who is pushing in which direction, and why? 
776 0 8 |i Erscheint auch als  |n Druck-Ausgabe  |a Böller, Florian, 1983 -   |t Shifting meridians of global authority  |d 2021  |w (DE-627)1749162695 
856 4 0 |u https://doi.org/10.14361/9783839451892-005  |x Resolving-System  |x Verlag  |3 Volltext 
856 4 0 |u https://www.degruyterbrill.com/document/doi/10.14361/9783839451892-005/html  |x Verlag  |3 Volltext 
951 |a AR 
992 |a 20210316 
993 |a BookComponentPart 
994 |a 2021 
998 |g 114045836  |a Harnisch, Sebastian  |m 114045836:Harnisch, Sebastian  |d 180000  |d 180500  |e 180000PH114045836  |e 180500PH114045836  |k 0/180000/  |k 1/180000/180500/  |p 2  |y j 
999 |a KXP-PPN1751468577  |e 3889253997 
BIB |a Y 
JSO |a {"physDesc":[{"extent":"24 S."}],"id":{"doi":["10.14361/9783839451892-005"],"eki":["1751468577"]},"name":{"displayForm":["Florian Böller und Sebastian Harnisch"]},"recId":"1751468577","language":["eng"],"origin":[{"dateIssuedDisp":"2021","dateIssuedKey":"2021"}],"relHost":[{"language":["eng"],"origin":[{"publisher":"transcript","dateIssuedKey":"2021","dateIssuedDisp":"[2021]","publisherPlace":"Bielefeld"}],"person":[{"role":"edt","display":"Berg, Manfred","family":"Berg","given":"Manfred"},{"given":"Günter","family":"Leypoldt","display":"Leypoldt, Günter","role":"edt"}],"relMultPart":[{"origin":[{"dateIssuedDisp":"[2015]-","publisherPlace":"Bielefeld","publisher":"Transcript"}],"type":{"bibl":"serial","media":"Online-Ressource"},"note":["Gesehen am 03.02.2021"],"dispAlt":"American culture studies","id":{"zdb":["3052567-6"],"eki":["1747196533"],"issn":["2747-4380"]},"physDesc":[{"extent":"Online-Ressource"}],"disp":"American culture studies","language":["ger","eng"],"pubHistory":["Volume 12-"],"part":{"number":["30"],"number_sort":["30"]},"title":[{"title":"American culture studies","title_sort":"American culture studies"}],"recId":"1747196533"}],"type":{"bibl":"edited-book","media":"Online-Ressource"},"part":{"text":"(2021), Seite 87-110","extent":"24","pages":"87-110","year":"2021"},"title":[{"title_sort":"Authority and trust in US culture and society","subtitle":"interdisciplinary approaches and perspectives","title":"Authority and trust in US culture and society"}],"physDesc":[{"noteIll":"Illustrationen","extent":"1 Online-Ressource (282 Seiten)"}],"id":{"isbn":["9783839451892"],"doi":["10.14361/9783839451892"],"eki":["1750908786"]},"recId":"1750908786","name":{"displayForm":["herausgegeben von: Günter Leypoldt und Manfred Berg"]},"disp":"Shifting meridians of global authority who is pushing in which direction, and why?Authority and trust in US culture and society"}],"title":[{"title":"Shifting meridians of global authority","subtitle":"who is pushing in which direction, and why?","title_sort":"Shifting meridians of global authority"}],"type":{"media":"Online-Ressource","bibl":"chapter"},"person":[{"family":"Böller","given":"Florian","role":"aut","display":"Böller, Florian"},{"role":"aut","display":"Harnisch, Sebastian","family":"Harnisch","given":"Sebastian"}]} 
SRT |a BOELLERFLOSHIFTINGME2021